| 000 | 00365 a2200169 4500 | ||
|---|---|---|---|
| 001 | 61070 | ||
| 020 | _a | ||
| 040 | _cAnchieta - Pituba | ||
| 100 | _aSchineider, Roque | ||
| 240 | 1 | 0 |
_aO silĂȘncio que eu perdi _lpor |
| 245 | 1 | 0 | _aO silĂȘncio que eu perdi |
| 300 | _a94 | ||
| 362 | 0 | _a1992 | |
| 440 | 1 | _aPaulinas | |
| 650 | 4 | _aLiteratura juvenil | |
| 942 | _cBK | ||
| 999 |
_c61070 _d61070 |
||